Sanat - "Uusi aamunkoi" - Suvi Teräsniska - Statistics

Yleistilastot
  • Tätä visaa on pelattu 14 kertaa
  • Keskiarvotulos 159 / 177
Vastaustilastot
Vastaus % Oikein
aamunkoi
100%
aamuun
100%
en
100%
En
100%
heräät
100%
ja
100%
kerran
100%
kun
100%
me
100%
meille
100%
on
100%
se
100%
sen
100%
siinä
100%
toivon
100%
tuoda
100%
uusi
100%
uuteen
100%
vielä
100%
voi
100%
eteenpäin
86%
helle
86%
huomaat
86%
kuin
86%
kuinka
86%
86%
mennyt
86%
mihinkään
86%
minä
86%
minäkään
86%
mut
86%
mutta
86%
oo
86%
oot
86%
painostava
86%
selvitään
86%
sinäkään
86%
sysimusta
86%
täältä
86%
tiedä
86%
tiedän
86%
viereltäs
86%
voimakkaampi
86%
Voittaa
86%
voittaa
86%
86%
annettu
71%
antaa
71%
henkäystäkään
71%
jokaiselle
71%
kanssas
71%
kuljen
71%
lupaan
71%
puolestasi
71%
puolta
71%
samaa
71%
sulle
71%
sun
71%
täysi
71%
Tulkoon
71%
tulkoon
71%
työ
71%
voin
71%
apu
57%
huolta
57%
huominen
57%
jään
57%
jonka
57%
kantaa
57%
luoksesi
57%
oikeus
57%
osaasi
57%
rikkautta
57%
tahdon
57%
Ehtoja vastaavia visoja ei löytynyt
Tulosjakauma
Jokaisen tuloksen saaneiden osuus
Persentiili vastausten määrän mukaan
Tuloshistoriasi
Et ole pelannut tätä visaa